Visionary leadership : Creating a compelling sense of direction for your organisation

Enregistré dans:
Détails bibliographiques
Auteur principal: Nanus, Burt
Format: Livre
Langue:Undetermined
Publié: San Francisco Jossey-Bass Publishers 1992
Sujets:
Tags: Ajouter un tag
Pas de tags, Soyez le premier à ajouter un tag!
Thư viện lưu trữ: Trung tâm Học liệu Trường Đại học Cần Thơ
LEADER 00517nam a2200181Ia 4500
001 CTU_78415
008 210402s9999 xx 000 0 und d
082 |a 658.4 
082 |b N175 
100 |a Nanus, Burt 
245 0 |a Visionary leadership : 
245 0 |b Creating a compelling sense of direction for your organisation 
245 0 |c Burt Nanus 
260 |a San Francisco 
260 |b Jossey-Bass Publishers 
260 |c 1992 
650 |a Leadership 
980 |a Trung tâm Học liệu Trường Đại học Cần Thơ